| 000 | 00845nam a22001337a 4500 | ||
|---|---|---|---|
| 040 | _crua | ||
| 082 | _aLMA PHU 2021 B1-534 Or. | ||
| 100 | _aPHUONG PHUMIN ភួង ភូមិន្ទ | ||
| 245 | _aSTUDY ON THE USE OF SOCIAL LAND CONCESSION OF THE PEOPLE IN KRAING LVEA COMMUNE, SAMAKI MEANCHEY DISTRICT, KAMPONG CHHNANG PROVINCE សិក្សាពីការប្រើប្រាស់ដីសម្បទានសង្គមកិច្ចរបស់ប្រជាពលរដ្ឋនៅក្នុងឃុំក្រាំល្វា ស្រុកសាមគ្គីមានជ័យ ខេត្តកំពង់ឆ្នាំង | ||
| 260 |
_aPHNOM PENH _bRIA _c2021 |
||
| 300 |
_aIX. 36P _bVII. _c29CM |
||
| 856 | _uhttps://drive.google.com/file/d/1MUM7ZjRejiT7x1u3934USU-5-dLXWjve/view?usp=sharing | ||
| 942 | _cLMA | ||
| 999 |
_c22870 _d22870 |
||